000 00711nam a2200193Ia 4500
003 GCL
008 140319s9999 xx 000 0 ara d
020 _a2 023 84117 1
040 _aGCL /
_cGCL
082 0 4 _a894.35
_bس م
100 1 _aسليم افندى باز
245 1 0 _aمناجاة البلغاء فى مسامرة الببغاء :
_bقصص تحاكى الف ليلة وليلة من التراث التركى /
_cسليم افندى باز
250 _aالاولى
260 _aبيروت :
_bمؤسسة الانتشار العربى ،
_c1998
300 _a348 ص ؛
_c20 سم
650 0 4 _aالادب التركى
650 0 4 _aالقصص التركية المترجمة
942 _2ddc
_cBK
999 _c8066
_d8066